000
00312nam a2200133Ia 4500
100
_a
Edgar/Carroll
650
_a
Chemistry
942
_c
BK
654
_a
manufacturing
245
_a
Fund. Of Manufacturing Processes & Materials
260
_b
ADDISON WESLEY
_a
NEWYORK
_c
1966
300
_a
515
546
_a
ENGLISH
999
_c
18519
_d
18519